| 000 | 01119nam2a2200253 4500 | ||
|---|---|---|---|
| 001 | RU\NLR\bibl\802310 | ||
| 005 | 20250614125951.0 | ||
| 010 |
_a5-8037-0233-1 _9200 |
||
| 021 |
_aRU _b2005-2387 _9118 |
||
| 035 | _a(NLR Aleph) 000791475 | ||
| 090 |
_a1124486 _c1124486 |
||
| 100 | _a20050520d2004 |||y0rusy50 ca | ||
| 101 | 0 | _arus | |
| 102 | _aRU | ||
| 105 | _aa ||||||||| | ||
| 200 | 1 |
_aСтандарт STEP _f[А.Ф. Колчин, М.В. Овсянников, С.В. Сумароков, А.С. Астафьева] |
|
| 210 |
_d2004 _aБ. м. |
||
| 215 |
_a96 с. _cил. |
||
| 461 | 0 |
_1001RU\NLR\bibl\820082 _12001#$aИнтеграция данных об изделии на основе ИПИ/CALS-технологий$vЧ. 3 _91229190 _cМосква _d2004 _fА.Ф. Колчин, М.В. Овсянников, С.В. Сумароков, С.А. Буханов] _nЯнус-К _o[лекции _tИнтеграция данных об изделии на основе ИПИ/CALS-технологий _vЧ. 3 |
|
| 801 | 0 |
_aRU _bNLR _c20050520 _grcr |
|
| 801 | 1 |
_aRU _bNLR _c20050520 |
|
| 942 | _cBOOK | ||
| 980 | _aNB | ||